| 000 | 00886nas a2200277 4500 | ||
|---|---|---|---|
| 001 | BR2014001855 | ||
| 003 | BR-BrBNA | ||
| 005 | 20231205123835.0 | ||
| 007 | ta | ||
| 008 | 230509b bl.|||p| |||| 00| 00por d | ||
| 040 |
_aBR-BrBNA _bpor _cBiblioteca Nacional de Agricultura |
||
| 041 | _a(Pt) | ||
| 072 | _aQ52 | ||
| 100 | 1 | _aNeumann, M. | |
| 100 | 1 | _aMarafon, F. | |
| 100 | 1 | _aUeno, R.K. | |
| 245 | 1 | _aEficiência de confecção da silagem de milho: processamento de grãos e tamanho de partícula | |
| 650 | _aMILHO | ||
| 650 | _aGRÃO | ||
| 650 | _aSILAGEM | ||
| 650 | _aTECNOLOGIA DE ALIMENTO | ||
| 650 | _aEQUIPAMENTO AGRÍCOLA | ||
| 773 | 0 |
_tInforme Agropecuário - Empresa de Pesquisa Agropecuária de Minas Gerais (Brazil) _xISSN 0100-3364 _g(Nov-Dez 2013), v. 34(277) p. 54-64 _wBR2014001855 |
|
| 909 |
_a202311 _bLúcia _c55 _dLúcia Elande |
||
| 942 |
_2AGRIS _n0 _cANA |
||
| 999 |
_c235973 _d235973 |
||